Создание цифровой модели местности с использованием программных комплексов CREDO_DAT и CREDO ТОПОПЛАН (Запись № 9921798)
[ простой вид ]
| 000 -МАРКЕР | |
|---|---|
| контрольное поле | 02055nam0a2200325 i 4500 |
| 001 - ИДЕНТИФИКАТОР ЗАПИСИ | |
| контрольное поле | RU\NLR\BIBL_A\010745505 |
| 005 - ИДЕНТИФИКАТОР ВЕРСИИ | |
| контрольное поле | 20241103070154.0 |
| 010 ## - МЕЖДУНАРОДНЫЙ СТАНДАРТНЫЙ НОМЕР КНИГИ (ISBN) | |
| Номер (ISBN) | 9785764106502 |
| Тираж | 100 |
| 021 ## - НОМЕР ГОСУДАРСТВЕННОЙ РЕГИСТРАЦИИ | |
| Код страны | Российская Федерация |
| Номер | 2015-21243 |
| Номер Листа государственной регистраци | 1270 |
| 035 ## - ДРУГИЕ СИСТЕМНЫЕ НОМЕРА | |
| Идентификатор записи | (NILC)RuMoRGB-007896108 |
| 035 ## - ДРУГИЕ СИСТЕМНЫЕ НОМЕРА | |
| Идентификатор записи | (NLR Aleph) 010745505 |
| 100 ## - ДАННЫЕ ОБЩЕЙ ОБРАБОТКИ | |
| Данные общей обработки | 20150507d2014 m y0rusy50 ca |
| 101 0# - ЯЗЫК РЕСУРСА | |
| Язык текста, звукозаписи и т.д. | русский |
| 102 ## - СТРАНА ПУБЛИКАЦИИ ИЛИ ПРОИЗВОДСТВА | |
| Страна публикации | Российская Федерация |
| 105 ## - ПОЛЕ КОДИРОВАННЫХ ДАННЫХ: ТЕКСТОВЫЕ МАТЕРИАЛЫ, МОНОГРАФИЧЕСКИЕ | |
| Кодированные данные о монографическом текстовом документе | a j 000yy |
| 200 1# - ЗАГЛАВИЕ И СВЕДЕНИЯ ОБ ОТВЕТСТВЕННОСТИ | |
| Основное заглавие | Создание цифровой модели местности с использованием программных комплексов CREDO_DAT и CREDO ТОПОПЛАН |
| Сведения, относящиеся к заглавию | методическое пособие для студентов, обучающихся по направлению "Землеустройство и кадастры" |
| Первые сведения об ответственности | Д. В. Крашеницин, Н. В. Канашин |
| Последующие сведения об ответственности | Федер. агентство ж.-д. трансп., Федер. гос. бюджет. образоват. учреждение высш. проф. образования "Петербургский гос. ун-т путей сообщ. императора Александра I" (ФГБОУ ВПО ПГУПС) |
| 210 ## - ПУБЛИКАЦИЯ, РАСПРОСТРАНЕНИЕ И ДР. | |
| Место издания, распространения и т.д. | Санкт-Петербург |
| Имя издателя, распространителя и т. д. | ФГБОУ ВПО ПГУПС |
| Дата издания, распространения и т.д. | 2014 |
| 215 ## - ФИЗИЧЕСКАЯ ХАРАКТЕРИСТИКА | |
| Специфическое обозначение материала и объем | 46 с. |
| Другие сведения о физической характеристике | ил. |
| Размеры | 21 |
| 606 1# - НАИМЕНОВАНИЕ ТЕМЫ КАК ПРЕДМЕТ | |
| Наименование темы | Земельный кадастр |
| Формальный подзаголовок | Учебно-методические пособия для высших учебных заведений |
| Тематический подзаголовок | Компьютеризация |
| Системный номер авторитетной/нормативной записи | 2135606 |
| Идентификатор авторитетной/нормативной записи | RU\NLR\AUTH\661287814 |
| 606 ## - НАИМЕНОВАНИЕ ТЕМЫ КАК ПРЕДМЕТ | |
| Наименование темы | CREDO, программный комплекс |
| Формальный подзаголовок | Учебно-методические пособия для высших учебных заведений |
| Системный номер авторитетной/нормативной записи | 2171053 |
| Идентификатор авторитетной/нормативной записи | RU\NLR\AUTH\6601542490 |
| 686 1# - ИНДЕКСЫ ДРУГИХ КЛАССИФИКАЦИЙ | |
| Индекс | Д14в641.8 я73 |
| 686 1# - ИНДЕКСЫ ДРУГИХ КЛАССИФИКАЦИЙ | |
| Индекс | У32(2)-517я73 |
| 700 #1 - ИМЯ ЛИЦА - ПЕРВИЧНАЯ ОТВЕТСТВЕННОСТЬ | |
| Начальный элемент ввода | Крашеницин |
| Часть имени, кроме начального элемента ввода | Д. В. |
| Расширение инициалов личного имени | Дмитрий Владимирович |
| 701 #1 - ИМЯ ЛИЦА - АЛЬТЕРНАТИВНАЯ ОТВЕТСТВЕННОСТЬ | |
| Начальный элемент ввода | Канашин |
| Часть имени, кроме начального элемента ввода | Н. В. |
| Расширение инициалов личного имени | Николай Владимирович |
| 801 #0 - ИСТОЧНИК ЗАПИСИ | |
| Страна | Российская Федерация |
| Организация | РГБ |
| Дата составления | 20150325 |
| Правила каталогизации | RCR |
| 942 ## - ДОПОЛНИТЕЛЬНЫЕ ЭЛЕМЕНТЫ ЗАПИСИ (АБИС) | |
| Тип экземпляра АБИС | Книга |
| 980 ## - КОЛЛЕКЦИЯ | |
| Название коллекции | НБР |
Нет доступных экземпляров.